Χριστού γενέθλια
Αποθηκεύτηκε σε:
| Κύριος συγγραφέας: | |
|---|---|
| Μορφή: | Βιβλίο |
| Γλώσσα: | Greek |
| Δημοσίευση: |
Αθήναι :
[χ.ό.],
1949.
|
| Θέματα: | |
| Ετικέτες: |
Προσθήκη ετικέτας
Δεν υπάρχουν, Καταχωρήστε ετικέτα πρώτοι!
|
MARC
| LEADER | 00000cam a2200000 i 4500 | ||
|---|---|---|---|
| 001 | 1/98532 | ||
| 008 | 081201s1949 gr ||| |||| ||gre|| | ||
| 035 | |l 10102126 | ||
| 040 | |a GR-MyUa |b gre |e AACR2 | ||
| 041 | 0 | |a gre | |
| 082 | 7 | |a 232.921 |2 (22) | |
| 100 | 1 | |a Ξύδης, Θεόδωρος, |d 1910-1985. | |
| 245 | 1 | 0 | |a Χριστού γενέθλια / |c Θεόδωρου Ξύδη. |
| 260 | |a Αθήναι : |b [χ.ό.], |c 1949. | ||
| 300 | |a 15 σ. ; |c 22 εκ. | ||
| 600 | 0 | 7 | |2 nlgaf |a Ιησούς Χριστός |x Nativity. |
| 852 | |a INST |b RHODES |c AKA |e 20081201 |h 232.921 ΞΥΔ |p 005400028199 |q 005400028199 |t BK |y 0 | ||
| 901 | |a BIBL4-2008-3 | ||
| 970 | |a Κόζα |b Μαρία |z 01/12/2008 | ||